Local planning authority green belt statistics (Record no. 79768)
[ view plain ]
| 000 -LEADER | |
|---|---|
| fixed length control field | 01250cab a22002055a 4500 |
| 001 - CONTROL NUMBER | |
| control field | L142312 |
| 008 - FIXED-LENGTH DATA ELEMENTS--GENERAL INFORMATION | |
| fixed length control field | 080204e20080131xxk f s 000 0 eng d |
| 035 ## - SYSTEM CONTROL NUMBER | |
| System control number | (Sirsi) u142312 |
| 041 0# - LANGUAGE CODE | |
| Language code of text/sound track or separate title | eng |
| 110 1# - MAIN ENTRY--CORPORATE NAME | |
| Corporate name or jurisdiction name as entry element | United Kingdom |
| Subordinate unit | Department for Communities and Local Government |
| 9 (RLIN) | 4939 |
| 245 00 - TITLE STATEMENT | |
| Title | Local planning authority green belt statistics |
| Remainder of title | England 2007 |
| Medium | [electronic resource] |
| 260 ## - PUBLICATION, DISTRIBUTION, ETC. | |
| Date of publication, distribution, etc. | 2008 |
| 490 ## - SERIES STATEMENT | |
| Series statement | DCLG Statistical Release: Green Belt Statistics |
| 520 ## - SUMMARY, ETC. | |
| Summary, etc. | Presents statistics on designated Green Belt land in individual local authorities in England. It relates to the extent of Green Belt in 2007 and is based on a methodology in which the extent of the Green Belt is captured in digital (computerised) form from proposal maps in development plans. This approach, using digitised boundary, provides much more reliable figures than those published prior to 2000. In 2007, designated Green Belt land amounted to 1 635 670 hectares, about 13 per cent of the land area of England. |
| 590 ## - LOCAL NOTE (RLIN) | |
| Local note | KA |
| 651 #4 - SUBJECT ADDED ENTRY--GEOGRAPHIC NAME | |
| Geographic name | England |
| Chronological subdivision | 886- |
| 690 ## - LOCAL SUBJECT ADDED ENTRY--TOPICAL TERM (OCLC, RLIN) | |
| Topical term or geographic name as entry element | Planning and development |
| 9 (RLIN) | 6259 |
| 856 40 - ELECTRONIC LOCATION AND ACCESS | |
| Uniform Resource Identifier | <a href="https://www.communities.gov.uk/documents/planningandbuilding/pdf/679239.pdf">https://www.communities.gov.uk/documents/planningandbuilding/pdf/679239.pdf</a> |
| Public note | View the item free of charge at www.communities.gov.uk |
| 942 ## - ADDED ENTRY ELEMENTS (KOHA) | |
| Suppress in OPAC | 0 |
| Withdrawn status | Lost status | Source of classification or shelving scheme | Damaged status | Not for loan | Home library | Current library | Shelving location | Date acquired | Total Checkouts | Full call number | Barcode | Date last seen | Copy number | Price effective from | Koha item type |
|---|---|---|---|---|---|---|---|---|---|---|---|---|---|---|---|
| Dewey Decimal Classification | Virtual | Virtual | Online | 04/02/2008 | ONLINE PUBLICATION | 142312-1001 | 06/08/2019 | 1 | 06/08/2019 | Journal article |